[Event "Nuremberg LGA Cup 3rd"]
[Site "Nuremberg"]
[Date "2006.09.09"]
[Round "5"]
[White "Hector, Jonny"]
[Black "Brodsky, Michail"]
[Result "1-0"]
[WhiteElo "2508"]
[BlackElo "2571"]
[Annotator "Gutman,L"]
[PlyCount "113"]
[EventDate "2006.09.07"]
[EventType "swiss"]
[EventRounds "7"]
[EventCountry "GER"]
[SourceTitle "CBM 114 Extra"]
[Source "ChessBase"]
[SourceDate "2006.11.03"]
[SourceVersion "1"]
[SourceVersionDate "2006.11.03"]
[SourceQuality "1"]

1. e4 c5 2. Nf3 Nc6 3. d4 cxd4 4. Nxd4 Nf6 5. Nc3 d6 6. f4 e5 7. Nf3 Be7 8. f5
{Eine Spezialvariante von Hector.} {8...} a6 ({Auf das natürliche} 8... O-O 9.
Bg5 Ng4 {folgt} 10. h4 $5 ({zum schwarzen Vorteil führt sowohl} 10. Bxe7 Nxe7
11. Qd2 Qb6 12. Bc4 Ne3 13. Bb3 Bd7 14. Nd1 Ng4 15. h3 Nf6 16. Nc3 Bc6 $17) ({
als auch} 10. Qd2 Bxg5 11. Nxg5 Qb6 12. Bd3 Nb4 13. h3 Ne3 14. Nd1 Nxd1 15.
Rxd1 d5 16. Qf2 {, Lane-Breder, Budapest 2002,} {16...} Nxd3+ 17. cxd3 dxe4 18.
Nxe4 Qxf2+ 19. Kxf2 Bxf5 $17) 10... Qb6 11. Qd2 Qxb2 12. Rb1 Qa3 13. Rb3 Qa5
14. Bc4 Qd8 15. Nd5 h6 16. Nxe7+ Nxe7 17. f6 hxg5 18. fxe7 Qxe7 19. hxg5 Be6
20. Nh4 g6 21. Rbh3 $36 {mit weißer Initiative.}) ({Vernünftiger escheint} 8...
g6 $5 9. fxg6 (9. Bc4 gxf5 {kann Weiß kaum entschädigen,} 10. exf5 ({oder} 10.
Ng5 O-O 11. O-O Qb6+ 12. Kh1 f4 $15) 10... Bxf5 11. O-O Qa5 $15) 9... hxg6 10.
Bc4 {Hector-Meins, BL 2002/03,} {10...} Be6 $11 {mit Ausgleich.}) 9. Bg5 Ng4 $5
({In Ivanisevic-Damljanovic, Dos Hermanos 2000, folgte} 9... b5 10. Bxf6 Bxf6
11. a4 bxa4 {, wonach} 12. Rxa4 {Weiß bessere Chancen versprach.}) (9... O-O
10. Qd2 b5 11. O-O-O {kommt ebenfalls Weiß zugute, 11..} Bb7 (11... b4 $6 12.
Bxf6 bxc3 13. Qxc3 Bb7 14. Bxe7 Qxe7 15. Qd2 $16 {, Hector-Lanka, Hamburg 2001}
) 12. Bxf6 Bxf6 13. Nd5 Rc8 14. g4 Bh4 15. Kb1 Nd4 16. Nxd4 Bxd5 17. exd5 exd4
18. Qxd4 $14 {mit Mehrbauern für Weiß.}) 10. Bxe7 Nxe7 11. Qd2 Qb6 12. Bc4 Qe3+
({Riskanter erscheint} 12... Qxb2 13. Rb1 Qa3 14. Rb6 O-O 15. Bb3 Nc6 16. Na4
Nf6 17. O-O Nxe4 (17... Nd7 18. Qc3 Kh8 19. Ng5 Nd4 20. Qc4 $14) 18. Qd3 d5 19.
Bxd5 Qxa4 20. Bxe4 Qa5 21. Rfb1 Rd8 22. Qc4 Qa3 23. c3 Qe7 24. g4 Rd6 25. g5
Na5 26. Qb4 Nc6 27. Qc4 Na5 $11 {mit Zugwiederholung.}) 13. Qxe3 Nxe3 14. Bb3
b5 $2 (14... Nxg2+ 15. Kf2 Nf4 16. Rad1 Bd7 17. Rxd6 f6 18. Ne2 Nxe2 19. Kxe2
O-O-O $11 {gleicht das Spiel aus.}) 15. Ng5 $6 (15. Kd2 Ng4 16. Ng5 O-O 17. Nd5
$14 {rechtfertigt die weiße Eröffnungsstrategie.}) 15... d5 $2 (15... f6 16.
Kd2 Nc4+ 17. Bxc4 bxc4 18. Ne6 Rb8 {ändert das Bild erneut,} 19. Nxg7+ (19. b3
Kf7 $15) 19... Kf7 20. Nh5 Rxb2 21. Ng3 h5 $15) 16. Kf2 Ng4+ 17. Ke2 Nf6 18.
Rad1 h6 19. Nf3 dxe4 20. Nxe5 Bxf5 21. Bxf7+ Kf8 22. Rhf1 Nc6 23. Rxf5 Nxe5 24.
Bh5 (24. Be6 Nf7 25. Rd7 $18 {gewann etwas schneller.}) 24... Nf7 25. Bg6 h5
26. Nxe4 Re8 27. Rd4 Rh6 28. Bxf7 Kxf7 29. Kd3 Ra8 30. g3 (30. Nd6+ Kg8 31. Rg5
$18 {mit entscheidendem Vorteil.}) 30... Ke6 31. Rc5 Nxe4 32. Kxe4 Kf7 33. Rd7+
Kg8 34. Rg5 Rh7 35. Kd3 (35. h4 $5 $18 {kam in Frage.}) 35... h4 36. g4 h3 37.
b3 ({Etwas genauer erscheint} 37. a3 Rf8 38. Rd6 Ra8 39. b3 $18) 37... Rf8 38.
c4 bxc4+ 39. bxc4 Rf3+ 40. Kc2 Rf2+ 41. Rd2 Rf6 42. Kc3 Rhh6 43. c5 Rf3+ 44.
Rd3 Rhf6 45. Rh5 Rf2 46. Rhxh3 Rxa2 47. g5 Rc6 48. Kd4 Ra4+ 49. Kd5 Rg6 50.
Rhg3 Kf7 51. Rde3 Rf4 52. h4 a5 53. Rgf3 Rxf3 54. Rxf3+ Ke7 55. Rb3 Ra6 56.
Rb7+ Kd8 57. c6 1-0

[Event "Tel Aviv ASA"]
[Site "Tel Aviv"]
[Date "1996.??.??"]
[Round "1"]
[White "Liss, Eran"]
[Black "Uritzky, Maxim"]
[Result "1-0"]
[WhiteElo "2525"]
[BlackElo "2420"]
[Annotator "Har Zvi,R"]
[PlyCount "71"]
[EventDate "1996.08.??"]
[EventType "tourn"]
[EventRounds "9"]
[EventCountry "ISR"]
[EventCategory "8"]
[SourceTitle "CBM 055 Extra"]
[Source "ChessBase"]
[SourceDate "1997.01.01"]
[SourceVersion "1"]
[SourceVersionDate "1997.01.01"]
[SourceQuality "1"]

1. e4 {Kanstler} c5 2. Nf3 d6 3. d4 cxd4 4. Nxd4 Nf6 5. Nc3 e5 6. Bb5+ {
really the move against this 5...e5 which should not be enough for black} Nbd7
(6... Bd7) 7. Nf5 a6 8. Ba4 (8. Bxd7+ Qxd7 9. Bg5 Nxe4 10. Nxg7+ Bxg7 11. Nxe4
O-O 12. Nf6+ $6 {not a smart choice,simply taking on d6 is good for white} (12.
Qxd6 f6 13. Qxd7 Bxd7 14. Bd2 Bf5 {four rounds before in the league Uritzky
played 14...Bc6 against Sutovskij but the result was the same as this game} (
14... Bc6 15. Nd6 Rfd8 16. Nf5 Rd7 17. f3 Kf7 18. O-O-O Ke6 19. Ng3 Rad8 20.
Be3 $16 {with just a pawn up for white who won on move 53 Sutovskij,E-Uritzky,
M Israeli League (2) 1996 Sutovskij,E-Uritzky,M/ISR/1996/1:0/53/}) 15. f3 Bg6
16. O-O-O Rfc8 17. Bc3 b5 18. Rhe1 $1 a5 19. Re2 b4 20. Be1 $16 {Grunfeld,
Y-Uritzky,M Israeli League (6) 1996  Gruenfeld,Y-Uritzky,M/ISR/1996/1:0/35/})
12... Bxf6 13. Bxf6 Qf5 14. Qxd6 Qe4+ 15. Kf1 Bh3 $1 {the key move of this
variation taking the g1 square from the white king} 16. Rg1 Be6 17. b3 Qxc2 {
Liss did not know this line but it was played even in a women world
championship under 12!} 18. Rd1 (18. Qxe5) 18... Rac8 19. g4 Rfe8 20. Rg3 Qxa2
21. Kg1 Qc2 22. Re1 Bxb3 23. Bxe5 Re6 24. Qb4 Bd5 25. Qd4 Qc4 26. Qd2 Rce8 27.
Rc3 Qb5 28. Rce3 Bc6 29. g5 $4 Rxe5 {0-1 Liss,E-Uritzky,M Israel (ch) Tel-Aviv
1994} (29... Rxe5 30. Rxe5 Rxe5 31. Qd8+ Re8)) 8... b5 9. Bb3 Nc5 10. Bg5 Bxf5
11. exf5 Be7 12. Bxf6 Bxf6 13. Qd5 O-O 14. Ne4 (14. O-O $6 {giving the e4
square even for one second,and black will play e4 with an OK position} e4 $1
15. Rad1 Bxc3 16. bxc3 Ra7 $10 {Van der Wiel-Bielcyzk Holzoster am Zee 1981}) (
14. O-O-O $5 a5 15. Nxb5 $16 {Triguba-Bangiev Corr 1987}) 14... Qa5+ 15. Ke2 $1
{according to my data a novelty and a good one, 15.c3 have been played before
but after 15...b4 it seems black can live} (15. c3 b4 (15... Nxe4 16. Qxe4 $14)
16. Rd1 bxc3 17. bxc3 Rab8 18. Bc4 Bd8 $1 $10 {Zagrebelny,S-Vasilevich,T
Alushta3 1994}) 15... Rac8 $6 (15... Qb4 16. Kf3 $1 Nxe4 17. Qxe4 Qc5 18. Rhd1
Rac8 19. a4 Qb6 20. axb5 axb5 21. g3 h6 22. Ra2 $16 {Soffer,R-Bykhovsky,Av/ISR/
1995/0,5/56/}) 16. Rhd1 {the natural move 16.Nxd6 is good for white,and I
prefer to have a pawn up, and I do not see why should not white play this way}
(16. Nxd6 Nxb3 (16... Rc7) (16... Rfd8 $4 17. Qxf7+ Kh8 18. Qg8+ $1 Rxg8 19.
Nf7#) 17. Qxb3 Rc6 18. Ne4 $16 {/+-}) 16... Nxb3 17. Qxb3 Rc4 18. f3 (18. Nxd6
$2 Rb4 19. Qc3 (19. Qa3 $2 Qxa3 20. bxa3 Ra4 $17) 19... e4 20. Qd2 e3 $1 {
white was threatening to play c3 even after 20...Bxb2 but black has this very
strong only move} 21. fxe3 Bxb2 22. Rab1 (22. c3 $4 Rg4 {after the "f" is on
e3 there is a threat Rxg2}) 22... Qa3 $15 {/-/+}) (18. Nxf6+ $6 gxf6 19. Rxd6
Qc7 $132) 18... Qc7 19. c3 Qc6 $2 {just giving two pawns,although anyway
black's position is unpleasent if 19...Be7 then simply 20.Rd5 doubling the
rooks on the "d" file,or trying to wplay a4 but the game move is just nothing
and black is losing} (19... Be7 20. Rd5 $14) 20. Nxd6 e4 21. Nxe4 (21. Nxc4 $6
{Kanstler} bxc4 22. Qc2 exf3+ $132) 21... Be5 (21... Rxe4+ 22. fxe4 Qxe4+ 23.
Kf1 {and black has no compensation} (23. Kf1 {Kanstler} Qf4+ 24. Kg1 Be5 25.
Qd5 $16)) 22. Qc2 $1 {threatening b3} Qh6 (22... b4 23. b3) 23. h3 Qf4 24. Rd5
$18 {white is two pawns up,plus he has the initiative! the game is already
decided} Bc7 25. Re1 Bd8 26. Qd2 Qb8 27. Rd1 Bh4 28. Rd6 Re8 29. Kf1 Be7 30.
Rd7 Qa8 (30... Qh2 {Kanstler} 31. Rxe7 $18) 31. Qd5 Qxd5 32. R1xd5 Rcc8 33. Ra7
Bf8 34. f6 g6 35. Rdd7 b4 36. Rxf7 1-0

[Event "FIDE-Wch k.o."]
[Site "Groningen"]
[Date "1997.12.10"]
[Round "1.4"]
[White "Benjamin, Joel"]
[Black "Zvjaginsev, Vadim"]
[Result "1/2-1/2"]
[WhiteElo "2580"]
[BlackElo "2635"]
[Annotator "Har Zvi,R"]
[PlyCount "84"]
[EventDate "1997.12.09"]
[EventType "k.o."]
[EventRounds "7"]
[EventCountry "NED"]
[SourceTitle "CBM 063"]
[Source "ChessBase"]
[SourceDate "1998.03.26"]
[SourceVersion "1"]
[SourceVersionDate "1998.03.26"]
[SourceQuality "1"]

1. e4 c5 2. Nf3 d6 3. d4 cxd4 4. Nxd4 Nf6 5. Nc3 Bd7 6. Bg5 e6 7. Ndb5 Bxb5 (
7... Bc6) 8. Bxb5+ Nc6 9. Qf3 (9. Qd2 $5 Be7 10. O-O-O) 9... h6 10. Bh4 Be7 (
10... Rc8 11. O-O-O $36) 11. e5 Nd5 (11... dxe5 $2 12. Bxc6+ bxc6 13. Qxc6+ Kf8
(13... Nd7 14. Bxe7 Kxe7 15. O-O-O $16) 14. O-O $16) 12. Bxc6+ (12. Bxe7 Ndxe7
13. O-O-O d5) 12... bxc6 13. Bxe7 Qxe7 14. Qg3 dxe5 15. Qxg7 (15. Nxd5 exd5 16.
Qxg7 O-O-O) 15... Qf6 16. Qxf6 (16. Qg3 Qg5 17. Qf3 f5 $132) 16... Nxf6 17.
O-O-O $14 Nd5 18. Ne4 (18. Rhe1 f6 (18... Nxc3 19. bxc3 f6 20. f4) 19. Ne4 Ke7)
18... Ke7 19. Rhe1 Rad8 20. g3 h5 $6 (20... f5 21. Nc5 e4 22. f3) (20... Nb4 $1
21. a3 Na6) 21. Rd3 $1 {white try create  play against week pawn} (21. h4 f5
22. Ng5 Kf6 $15) 21... f5 {black try create some caunterplay} 22. Nc5 e4 $1 {
black look for chance in rook ending} (22... Kf6 $6 23. Red1 e4 24. Ra3 $16)
23. Ra3 Ra8 24. f3 Kd6 25. fxe4 Kxc5 26. exd5 exd5 27. Re6 (27. Rf1 $5) 27...
Rac8 (27... Rhc8 28. Rf3) 28. Rxa7 h4 29. Rg7 (29. Ra3 $5 {more chance without
change rook}) 29... Rhg8 30. Rgg6 Rxg6 31. Rxg6 hxg3 32. hxg3 Rf8 33. c3 (33.
Kd2 f4 34. g4 f3 35. Ke1 Re8+) 33... f4 34. gxf4 Rxf4 {black reach draw
without any problem} 35. Kc2 d4 36. b4+ (36. Rg5+ Kb6 37. c4 Rf2+ 38. Kb3 Rf3+)
36... Kb6 37. c4 Rf3 38. Kd2 Rc3 39. b5 Rxc4 40. Rxc6+ Rxc6 41. bxc6 Kxc6 42.
Kd3 Kd5 1/2-1/2

[Event "Excelsior Cup"]
[Site "Gothenburg"]
[Date "1997.??.??"]
[Round "4"]
[White "Rytshagov, Mikhail"]
[Black "Ziegler, Ari"]
[Result "1-0"]
[WhiteElo "2485"]
[BlackElo "2455"]
[Annotator "Hecht,H"]
[PlyCount "85"]
[EventDate "1997.01.??"]
[EventType "tourn"]
[EventRounds "9"]
[EventCountry "SWE"]
[EventCategory "9"]
[SourceTitle "CBM 057"]
[Source "ChessBase"]
[SourceDate "1997.04.01"]
[SourceVersion "1"]
[SourceVersionDate "1997.04.01"]
[SourceQuality "1"]

1. e4 c5 2. Nc3 Nc6 3. Nge2 Nf6 4. d4 cxd4 5. Nxd4 d6 6. f3 Qb6 7. Nb3 e6 8.
Bf4 Ne5 9. Qd2 a6 10. Be3 Qc7 11. f4 Nc4 12. Bxc4 Qxc4 13. Qd3 Qxd3 14. cxd3
Bd7 15. Rc1 Be7 16. h3 O-O 17. Kf2 Rfc8 18. Na5 b5 19. a3 Bd8 20. b4 h6 21. Ne2
e5 22. Rxc8 Rxc8 23. Rc1 exf4 24. Bxf4 Rxc1 25. Nxc1 d5 26. e5 Ne8 27. Ncb3 Nc7
28. Nc5 Ne6 29. Nxd7 Nxf4 {[%csl Ra6,Rd5] [#] bewegliche weiße Springer bei
etlichen schwarzen Bauernschwächen} 30. Nc6 Bc7 31. d4 f6 (31... Nd3+ 32. Ke2
Nb2 33. Ne7+ Kh7 34. Nxd5 Bd8 35. Ne3 a5 36. d5 $18) 32. exf6 gxf6 33. Nxf6+
Kf7 34. Ng4 h5 35. Nge5+ Ke8 36. Kf3 Ne6 37. Ke3 Bb6 38. g4 hxg4 39. hxg4 Bc7
40. Nd3 Bh2 41. Nc5 Bg1+ 42. Kd3 Nf4+ 43. Kd2 1-0

[Event "Moscow Aeroflot op"]
[Site "Moscow"]
[Date "2002.02.05"]
[Round "1"]
[White "Prokopchuk, Evgeny"]
[Black "Motylev, Alexander"]
[Result "1/2-1/2"]
[WhiteElo "2508"]
[BlackElo "2639"]
[Annotator "Hecht,H"]
[PlyCount "104"]
[EventDate "2002.02.04"]
[EventType "swiss"]
[EventRounds "9"]
[EventCountry "RUS"]
[SourceTitle "CBM 088"]
[Source "ChessBase"]
[SourceDate "2002.03.21"]
[SourceVersion "1"]
[SourceVersionDate "2002.03.21"]
[SourceQuality "1"]

1. e4 c5 2. Nf3 d6 3. d4 cxd4 4. Nxd4 Nf6 5. f3 Nc6 6. Nc3 e5 7. Nb3 Be7 8. Be3
O-O 9. Qd2 Be6 10. Rd1 Na5 11. Nd5 Nxd5 12. exd5 Nxb3 13. axb3 Bd7 14. Be2 f5
15. O-O f4 16. Bf2 Bh4 17. Bxh4 Qxh4 18. Qb4 Rf6 19. Qxb7 Rd8 20. Bd3 Rh6 21.
Rf2 g5 22. Kf1 g4 23. Ke2 Qf6 24. h3 e4 25. Bxe4 Qxb2 26. Qb4 g3 27. Rff1 Rc8
28. Qd2 Rh5 29. Rb1 Qe5 30. c4 Bf5 31. Kd3 a5 32. Rfe1 Re8 33. Qxa5 Qf6 34. Qc3
Bxe4+ 35. Rxe4 Qxc3+ 36. Kxc3 Rxe4 37. fxe4 f3 38. gxf3 Rxh3 39. Rg1 h5 40. Kd4
h4 41. b4 Kf7 42. c5 dxc5+ 43. bxc5 Rh1 44. Rg2 Rh2 45. Rg1 Rh1 46. Rxh1 g2 47.
Rg1 h3 48. c6 h2 49. Rxg2 h1=Q {[#] Diese ungewöhnliche Position ist remis.}
50. Rc2 (50. c7 Qc1 51. d6 Qa1+ {Dauerschach}) (50. Rd2 Qxf3 51. c7 Qf6+ 52.
Kc5 Qc3+ 53. Kd6 Qa3+ 54. Kd7 Qa4+ $11) 50... Qd1+ 51. Kc3 Qxf3+ 52. Kb2 Qxe4 (
52... Qxe4 53. c7 Qb4+ {Dauerschach}) 1/2-1/2

[Event "EU-chT (Men) 11th"]
[Site "Pula"]
[Date "1997.05.??"]
[Round "3.2"]
[White "Heidenfeld, Mark"]
[Black "Muir, Andrew Joseph"]
[Result "0-1"]
[WhiteElo "2335"]
[BlackElo "2300"]
[Annotator "Hecht,H"]
[PlyCount "122"]
[EventDate "1997.05.05"]
[EventType "team-swiss"]
[EventRounds "9"]
[EventCountry "CRO"]
[SourceTitle "CBM 057 Extra"]
[Source "ChessBase"]
[SourceDate "1997.05.01"]
[SourceVersion "1"]
[SourceVersionDate "1997.05.01"]
[SourceQuality "1"]
[WhiteTeam "Ireland"]
[BlackTeam "Scotland"]
[WhiteTeamCountry "IRL"]
[BlackTeamCountry "SCO"]

1. e4 c5 2. Nf3 Nc6 3. d4 cxd4 4. Nxd4 Nf6 5. Nc3 d6 6. Nxc6 bxc6 7. e5 dxe5 8.
Qxd8+ Kxd8 9. f4 exf4 10. Bxf4 Nd7 11. O-O-O f6 12. g4 e5 13. Be3 Kc7 14. Bg2
Ba6 15. Bf3 Be7 16. h4 g6 17. Be4 Nc5 18. Bxc5 Bxc5 19. h5 Be3+ 20. Kb1 Bd4 21.
hxg6 hxg6 22. Bxg6 Bxc3 23. bxc3 Be2 24. Rxh8 Rxh8 25. Rg1 Bf3 26. g5 fxg5 27.
Rxg5 e4 28. Re5 Kd6 29. Rxe4 Bxe4 30. Bxe4 {a) Umgehung der weißen Stellung
mit dem sK b) Reduzierung des Materials bis auf das a-Bauernpärchen c)
Abdrängen des wK Richtung 8.Reihe weg von der Umwandlungsecke des sBa5. ==>
Gewinn.} Rb8+ 31. Ka1 c5 32. Bd3 Kd5 33. a3 a5 34. Ka2 Rb6 35. a4 Rb8 36. Bb5
Rh8 37. Kb3 Rh4 38. Ba6 Rg4 39. Bb5 Rf4 40. Ba6 Ke5 {Beginn von Teil a)} 41.
Bc8 Kf6 42. Bd7 Kg5 43. Bb5 Kg4 44. Bc4 Kf3 45. Be6 Ke3 46. Bg8 Kd2 47. Bd5 Rg4
48. Bf7 Rg3 {Durchführung Teil b)} 49. Kc4 Rxc3+ 50. Kb5 Rxc2 51. Bc4 Kc3 52.
Kxc5 Rg2 {und schließlich Teil c)} 53. Bb5 Rg5+ 54. Kd6 Kd4 55. Be8 Rf5 56. Bb5
Rf6+ 57. Ke7 Rb6 58. Be8 Ke5 59. Bh5 (59. Bd7 Rb7 60. Ke8 Kd6 $19) (59. Bb5
Rxb5 60. axb5 Kd5 61. Kd7 Kc5 $19) (59. Kd7 Rb8 60. Bf7 (60. Bg6 Rb7+ 61. Kc6
Rb4 $19) (60. Bh5 Rb4 61. Bd1 (61. Kc6 Kd4 62. Bd1 Kc3 63. Kc5 Kd2 64. Bf3 Rxa4
65. Kb5 Rf4 $19) 61... Rd4+ $19) 60... Rb7+ 61. Ke8 Rb4 $19) 59... Rb7+ 60. Ke8
Kd6 61. Kf8 Kc5 0-1

[Event "BCF-ch 89th"]
[Site "Torquay"]
[Date "2002.08.08"]
[Round "10"]
[White "Gallagher, Joseph G"]
[Black "McShane, Luke J"]
[Result "1/2-1/2"]
[WhiteElo "2517"]
[BlackElo "2544"]
[Annotator "McShane,L"]
[PlyCount "78"]
[EventDate "2002.07.29"]
[EventType "swiss"]
[EventRounds "11"]
[EventCountry "ENG"]
[SourceTitle "CBM 091"]
[Source "ChessBase"]
[SourceDate "2002.11.12"]
[SourceVersion "1"]
[SourceVersionDate "2002.11.12"]
[SourceQuality "1"]

1. e4 c5 2. Nf3 Nc6 3. Nc3 d6 4. d4 cxd4 5. Nxd4 e5 6. Nb3 Be7 7. Be3 Nf6 8. f3
Be6 9. Nd5 (9. Qd2 d5 $1 $11) 9... Bxd5 10. exd5 Nb4 (10... Nb8 $143) 11. c4 a5
12. Qd2 (12. Bd2 $5 b6 13. Bxb4 axb4 14. Qd2 O-O $44) 12... b6 13. Be2 Na6 {
This must be played sooner or later.} 14. Nc1 O-O 15. O-O Nd7 16. Bd3 {[%csl
Gc3][%cal Yc1e2,Ye2c3]} Nac5 17. Bc2 f5 18. Ne2 f4 19. Bf2 Bh4 (19... e4 $6 20.
Bxe4 Nxe4 21. fxe4 Ne5 22. Nd4 {[%csl Gd4][%cal Yd4e6]}) 20. g3 $6 Bg5 (20...
fxg3 21. hxg3 Bg5 22. Qc3 $13 {Is also interesting.}) 21. gxf4 Bxf4 22. Nxf4
Qg5+ (22... Rxf4 23. Be3 Rxc4 24. b3 Rb4 {is hard to believe for Black.}) 23.
Kh1 (23. Bg3 {almost losing} exf4 24. Kh1 Ne5 25. b3 Qf6 $1 {[%cal Yf6a1]} 26.
Bf2 (26. Be1 Nxf3 {[%csl Ra1]}) 26... Nxf3 27. Qe2 Ne5 $17) 23... Qxf4 24. Qxf4
(24. Be3 $5 Qxc4 25. Rg1 {White has some chances. Neither of us noticed the
huge threat of Bxc5 Nxc5 Qh6! hitting both h7 and g7. Nevertheless, Fritz
points out} Nf6 $1 {targeting d5, which we didn't consider in the post mortem.}
) 24... Rxf4 25. b3 Rxf3 26. Bh4 $44 {[%csl Gc2,Rd6,Gh4][%cal Yh4e7] Two
bishops give White decent compensation.} Rxf1+ 27. Rxf1 Re8 $6 (27... Nf6 $142
28. Bf5 (28. Bxf6 Rf8 $17) 28... Re8) 28. Kg2 e4 29. Bg3 ({Also playable is} 
29. Re1 Nf6 $5 30. Bg3 Rd8) 29... Ne5 30. Re1 Nf7 (30... Nf3 31. Rd1 (31. Re3
Nd4 $17 {[%cal Yd4f5]}) 31... Ne5 32. Re1 $11 g6 $5 {says Fritz.}) 31. Re3 g5
32. a3 Kg7 33. b4 $6 (33. Be1 Kf8 34. b4 $140 axb4 35. axb4 Nd3 {[%csl Ge8]
[%cal Yf8e8]}) 33... axb4 34. axb4 Nd3 $1 35. Bxd3 exd3 36. Rxe8 (36. Rxd3 Re2+
{[%cal Ye2c2] and I can never really be worse.}) 36... d2 37. Re1 dxe1=Q 38.
Bxe1 Kf6 (38... Ne5 $4 39. Bc3 $18 {[%cal Yc4c5,Yd5d6]}) 39. Bf2 Ne5 $11 (39...
Ne5 40. Bxb6 Nxc4 41. Bd8+ Ke5 42. Bxg5 Kxd5 43. Kf3 Kc6 44. Kg4 Kb5 $11)
1/2-1/2